Comuni della Provincia di Ravenna (con mappa) - Statistics

Statistiche generali
  • Questo quiz è stato fatto 50 volte
  • Il punteggio medio è 12 su 18
Risposte nella Mappa
Le risposte nella mappa del quiz sottostante sono codificate secondo una scala di colori dal rosso al verde in base alla % di persone che hanno risposto correttamente.
 
Statistiche sulle risposte
Risposta % Corretto
Ravenna
100%
Faenza
91%
Lugo
91%
Cervia
87%
Bagnacavallo
74%
Russi
74%
Alfonsine
70%
Brisighella
65%
Castel Bolognese
65%
Conselice
65%
Massa Lombarda
65%
Cotignola
61%
Bagnara di Romagna
57%
Casola Valsenio
52%
Riolo Terme
52%
Solarolo
52%
Fusignano
48%
Sant'Agata sul Santerno
48%
Nessun quiz corrispondente trovato
Distribuzione punteggi
Percentuale di utenti per punteggio
Percentile per numero di risposta
I tuoi punteggi nel tempo
Non hai fatto questo quiz